| 000 | 02656cam a22006614i 4500 | ||
|---|---|---|---|
| 003 | PE-LiUPU | ||
| 005 | 20250731170429.0 | ||
| 008 | 150623s2004 ck r 000 0 spa d | ||
| 020 | _a9580441847 | ||
| 020 | _a9789580441847 | ||
| 035 | _a(Sirsi) i9789580441847 | ||
| 040 |
_aPE-LiUPU _bspa _cPE-LiUPU _dPE-LiUPU _erda |
||
| 049 | _aPRUA | ||
| 082 | 0 | 4 |
_a152.4 _bC75 _221 |
| 100 | 1 |
_aCooper, Robert K., _eautor. |
|
| 245 | 1 | 3 |
_aLa inteligencia emocional aplicada al liderazgo y a las organizaciones / _cRobert K. Cooper. |
| 264 | 1 |
_aBogota : _bNorma, _c2004. |
|
| 300 |
_a307 páginas ; _c23 centímetros |
||
| 336 |
_atext _2rdacontent |
||
| 337 |
_aunmediated _2rdamedia |
||
| 338 |
_avolume _2rdacarrier |
||
| 505 | 0 | _aConocimiento emocional -- Aptitud emocional -- Profundidad emocional -- Alquimia emocional. | |
| 526 | _aSEG68 | ||
| 526 | _aSEG70 | ||
| 526 | _aSEG69 | ||
| 526 | _aSEG67 | ||
| 526 | _aSEG43 | ||
| 526 | _aP144 | ||
| 526 | _aP143 | ||
| 526 | _aP131 | ||
| 526 | _aP122 | ||
| 526 | _aP120 | ||
| 526 | _aP117 | ||
| 526 | _aP112 | ||
| 526 | _aP110 | ||
| 526 | _aP106 | ||
| 526 | _aP101 | ||
| 526 | _aP80 | ||
| 526 | _aP59 | ||
| 526 | _aP54 | ||
| 526 | _aP35 | ||
| 526 | _aP33 | ||
| 526 | _aP30 | ||
| 650 | 0 | 4 |
_aInteligencia emocional _xLiderazgo. |
| 700 | 1 | _aSawaf, Ayman. | |
| 942 |
_2ddc _cBOOK |
||
| 949 |
_a152.4 C75 _wDEWEY _c1 _i50522 _d2016-4-6 _e2016-4-4 _lCCODEBUL1 _mBUL _n1 _r0 _sY _tBOOK _u2015-6-24 _xTEOLOGIA _PP35 _0COMPRA _o.STAFF. Colección Ciencias de la Salud |
||
| 949 |
_a152.4 C75 _wDEWEY _c2 _i50703 _lCCODEBUL1 _mBUL _r0 _sY _tBOOK _u2015-6-24 _xTEOLOGIA _PP35 _0COMPRA _o.STAFF. Colección Ciencias de la Salud |
||
| 949 |
_a152.4 C75 _wDEWEY _c3 _i53757 _d2016-8-23 _e2016-8-23 _lCCODEBUL1 _mBUL _n1 _r0 _sY _tBOOK _u2015-6-24 _xTEOLOGIA _PP35 _0COMPRA _o.STAFF. Colección Ciencias de la Salud |
||
| 994 |
_aC0 _bPEPRU |
||
| 596 | _a1 | ||
| 999 |
_a152.4 C75 _wDEWEY _c32390 _i50522 _d32390 _e2019-8-16 _f2021-11-3 _g5 _lCCODEBUL1 _mBUL _n2 _p30.00 _r0 _sY _tBOOK _u2015-6-24 _xSALUD _zP35 _0COMPRA _o.STAFF. Colección Ciencias de la Salud |
||
| 999 |
_a152.4 C75 _wDEWEY _c2 _i50703 _d2019-5-27 _e2019-5-20 _f2021-11-3 _g5 _lCCODEBUL1 _mBUL _n2 _p30.00 _q1 _r0 _sY _tBOOK _u2015-6-24 _xSALUD _zP35 _0COMPRA _o.STAFF. Colección Ciencias de la Salud |
||
| 999 |
_a152.4 C75 _wDEWEY _c3 _i53757 _d2019-1-10 _e2016-8-23 _f2021-11-3 _g5 _lCCODEBUL1 _mBUL _n1 _p30.00 _q1 _r0 _sY _tBOOK _u2015-6-24 _xSALUD _zP35 _0COMPRA _o.STAFF. Colección Ciencias de la Salud |
||
| 980 |
_81 _gALBERTO SANCHEZ Responsable de Automatización |
||